|
|
|
|
| LEADER |
00000nam0a2200000 4500 |
| 001 |
172170 |
| 005 |
20231031164227.0 |
| 035 |
|
|
|a (RuTPU)RU\TPU\book\186671
|
| 090 |
|
|
|a 172170
|
| 100 |
|
|
|a 20091210d1967 k y0rusy50 ca
|
| 101 |
0 |
|
|a rus
|
| 102 |
|
|
|a RU
|
| 105 |
|
|
|a y z 101zy
|
| 200 |
1 |
|
|a Международная конференция по электромагнитным взаимодействиям при низких и средних энергиях, Дубна , 7-15 февраля 1967 г.
|e тезисы докладов
|f Академия наук СССР (АН СССР), Физический институт им. П. Н. Лебедева (ФИАН)
|
| 210 |
|
|
|a Москва
|d 1967
|
| 215 |
|
|
|a 67 с.
|
| 320 |
|
|
|a Авторский указатель: с. 61-67.
|
| 610 |
1 |
|
|a электромагнитные взаимодействия
|
| 610 |
1 |
|
|a низкие энергии
|
| 610 |
1 |
|
|a средние энергии
|
| 610 |
1 |
|
|a конференции
|
| 610 |
1 |
|
|a фотоядерные реакции
|
| 610 |
1 |
|
|a мезоны
|
| 610 |
1 |
|
|a электроны
|
| 610 |
1 |
|
|a взаимодействие
|
| 610 |
1 |
|
|a частицы
|
| 610 |
1 |
|
|a свойства
|
| 610 |
1 |
|
|a квантовая электродинамика
|
| 610 |
1 |
|
|a электронные ускорители
|
| 675 |
|
|
|a 539.121.7(063)
|v 3
|
| 712 |
0 |
2 |
|a Академия наук СССР (АН СССР)
|b Физический институт им. П. Н. Лебедева (ФИАН)
|c (Москва)
|2 stltpush
|3 (RuTPU)RU\TPU\col\13766
|
| 801 |
|
1 |
|a RU
|b 63413507
|c 20091210
|
| 801 |
|
2 |
|a RU
|b 63413507
|c 20100217
|g RCR
|
| 942 |
|
|
|c BK
|